Language Quiz

Random Language or Letter Quiz

Five-Letter Words Ending in 'SS' Quiz Stats

 Plays Quiz Updated Jul 30, 2018

Challenge
Share
Tweet
Embed
Score 0/35 Timer 05:00
13 Plays Today
_ _ _ S S % Correct
Brass
78.3%
Crass
76.5%
Dress
76.1%
Class
72.4%
Grass
69.2%
Bless
68.2%
Floss
68.1%
Press
67.3%
Cress
66.9%
Glass
66.5%
Tress
66.2%
Bliss
61.5%
Gloss
60.1%
Cross
59.6%
Chess
58.7%
Gross
56.1%
Dross
49.8%
Criss
49.6%
_ _ _ S S % Correct
Truss
47.6%
Guess
45.2%
Abyss
39.3%
Amass
38.9%
Priss
36%
Amiss
32.5%
Briss
31.5%
Frass
27.4%
Trass
26.3%
Pross
23.3%
Swiss
15.6%
Stoss
12.8%
Loess
8.3%
Quass
7.6%
Gauss
4.1%
Kvass
2.1%
Eyass
1.2%

You're not logged in!

Compare scores with friends on all Sporcle quizzes.
Join for Free
OR
Log In

You Might Also Like...

Show Comments

Extras

Top Quizzes Today


Score Distribution

Your Account Isn't Verified!

In order to create a playlist on Sporcle, you need to verify the email address you used during registration. Go to your Sporcle Settings to finish the process.

Report this User

Report this user for behavior that violates our Community Guidelines.

Details: